Ancient Greek Food - Statistics

General Stats
  • This quiz has been taken 16 times
  • The average score is 9 of 15
Answer Stats
Hint Answer % Correct
ἀλεκτωρίς chicken
91%
ἰχθύς fish
91%
οἶνος wine
91%
σαρδίνη sardine / pilchard
82%
ὠόν egg
73%
καρπός fruit
73%
ὄρυζα / ὄρυζον rice
64%
ῥοιά pomegranate
55%
ἄρτος wheat bread
55%
κινάρα / κυνάρα artichoke
45%
ἐδεσματολόγιον menu
45%
ἐρέβινθος chickpea
36%
μαγίς, μαγίδας spaghetti
36%
μᾶζα barley bread
27%
ἰσχάς dried fig
27%
No matching quizzes found
Score Distribution
Percent of People with Each Score
Percentile by Number Answered
Your Score History
You have not taken this quiz